Дело о выкупе земельных наделов временнообязанными крестьянами В.М. Лукиной села Глядкова Елатомского уезда Тамбовской губернии

Доступно только в Электронных читальных залах Найти на картеНа карте
RUSMARC
00003932nmc2a2200000 x 450
001c482f0c6-19ad-4e5e-bd9f-1d283a10f4fb
00520151112113002.0
100##$a20140411l18861886k l0rusy0189 ca
1010#$arus
102##$aRU
2001#$aДело о выкупе земельных наделов временнообязанными крестьянами В.М. Лукиной села Глядкова Елатомского уезда Тамбовской губернии
$j8 мая - 25 июля 1886 г.
251##$cДело
300##$aДело
300##$aОриг. заголовок дела: Дело Лукиной В.М. Тамбовской губернии Елатомского уезда села Глядкова. 8 мая 1886 г. - 25 июля 1886 г
801#0$aRU
$bРГИА
$c20140411
$gRCR
801#1$aRU
$bГлавНИВЦ
$c20140411
$2rusmarc
801#2$aRU
$bПБ им. Б.Н. Ельцина
$c20151112
$gRCR
$2rusmarc
850##$aРГИА
852##$aРГИА
$eФедеральное казенное учреждение "Российский государственный исторический архив" (РГИА)
$j269
937##$hРГИА
$d11105361
$aASBIBLIO_SCAN
462#0$10017c5e74c9-979b-46fc-b2dd-52a15592f082
$12001
$aДела Главного выкупного учреждения Министерства финансов по Тамбовской губернии
$1251
$cОпись
$1852
$j40
461#0$10018ef30ad5-ff5c-4840-a721-74c62a200f95
$12001
$aГлавное выкупное учреждение Министерства финансов (1861-1895)
$1251
$cФонд
$1852
$j577
215##$a21 л.
$d36,5x26 см
371##$aДокумент не является опубликованным и широко распространяемым
105##$ay###
1222#$ad
5171#$aДело Лукиной В.М. Тамбовской губернии Елатомского уезда села Глядкова. 8 мая 1886 г. - 25 июля 1886 г
035##$ac482f0c6-19ad-4e5e-bd9f-1d283a10f4fb
Формат отображения